Good agricultural governance : (Record no. 14535)

000 -LEADER
fixed length control field 00784cam a2200253Ia 4500
020 ## - INTERNATIONAL STANDARD BOOK NUMBER
ISBN 9789251069912
020 ## - INTERNATIONAL STANDARD BOOK NUMBER
ISBN 9251069913
040 ## - CATALOGING SOURCE
Transcribing agency CUD
082 ## - DEWEY DECIMAL CLASSIFICATION NUMBER
Classification number 633 FOO 2011 A051 Or.
100 1# - MAIN ENTRY--AUTHOR NAME
Personal name Dasgupta, Subash.
245 10 - TITLE STATEMENT
Title Good agricultural governance :
Remainder of title a resource guide focused on smallholder crop production /
260 ## - PUBLICATION, DISTRIBUTION, ETC. (IMPRINT)
Place of publication Bangkok :
Name of publisher Food and Agriculture Organization of the United Nations Regional Office for Asia and the Pacific,
Year of publication 2011.
300 ## - PHYSICAL DESCRIPTION
Number of Pages xix, 114 p. ;
Dimensions 26 cm.
490 1# - SERIES STATEMENT
Series statement RAP publication ;
650 #0 - SUBJECT ADDED ENTRY--TOPICAL TERM
Topical Term Agriculture
650 #0 - SUBJECT ADDED ENTRY--TOPICAL TERM
Topical Term Agriculture
650 #0 - SUBJECT ADDED ENTRY--TOPICAL TERM
Topical Term Crops
650 #0 - SUBJECT ADDED ENTRY--TOPICAL TERM
Topical Term Crops
650 #0 - SUBJECT ADDED ENTRY--TOPICAL TERM
Topical Term Farms, Small
650 #0 - SUBJECT ADDED ENTRY--TOPICAL TERM
Topical Term Farms, Small
700 1# - ADDED ENTRY--PERSONAL NAME
Personal name Roy, Indrajit.
710 2# - ADDED ENTRY--CORPORATE NAME
Corporate name or jurisdiction name as entry element FAO Regional Office for Asia and the Pacific.
942 ## - ADDED ENTRY ELEMENTS (KOHA)
Koha item type សៀវភៅភាសាអង់គ្លេស
952 ## - LOCATION AND ITEM INFORMATION (KOHA)
Withdrawn status [LOCAL, KOHA] 0
Holdings
Permanent Location Date acquired Koha item type Lost status Shelving location Barcode Current Location Full call number
Library Block A2017-10-18សៀវភៅភាសាអង់គ្លេស A051RUA056947Library Block A633 FOO 2011 A051 Or.
មជ្ឈមណ្ឌលឯការនៃសាកលវិទ្យាល័យភូមិន្ទកសិកម្មចំការដូង

Powered by Koha